00294 a2200133 450000100060000002000180000604000220002410000180004624000200006424500150008430000070009936200090010665000450011558825 a9788586999635 cAnchieta - Pituba aMace, Eduardo10aCronologialpor10aCronologia a680 a2008 4aHistória do mundo antigo até 499 AC.